000 00254nam a22001217a 4500
082 _a894.812.3
_bPAR/A
100 _aPADAPPAKKARA, CLEMENT G
245 _aABHAYAM
260 _aALUVA
_bPEN BOOKS
_c2001
505 _aPOETRY
520 _aPOETRY
942 _cBK
999 _c4135
_d4135